000 003790000a22001570004500
005 20120302065337.0
942 _cBOOK
100 _a
_a
_b
_c
245 _a Shree Dasavishramadham
260 _aDhule:Satkaryottejak Sabha, 1914
300 _a249p to 504p
490 _aRamadas Ani Ramadasi Granthamala - Bhag 7
040 _aMar
365 _b4.50/-
650 _aOvi, Abhanga
999 _c364533
_d364530